The complete letters of Sigmund Freud to Wilhelm Fliess, 1887-1904 / (Record no. 125903)
[ view plain ]
| 000 -LEADER | |
|---|---|
| fixed length control field | 01286cam a2200337 a 4500 |
| 001 - CONTROL NUMBER | |
| control field | 3315190 |
| 003 - CONTROL NUMBER IDENTIFIER | |
| control field | ARRUPE |
| 005 - DATE AND TIME OF LATEST TRANSACTION | |
| control field | 20161215083931.0 |
| 008 - FIXED-LENGTH DATA ELEMENTS--GENERAL INFORMATION | |
| fixed length control field | 841031s1985 mauacf b 001 0 eng |
| 010 ## - LIBRARY OF CONGRESS CONTROL NUMBER | |
| LC control number | 84024516 |
| 020 ## - INTERNATIONAL STANDARD BOOK NUMBER | |
| International Standard Book Number | 0674154207 (alk. paper) |
| 040 ## - CATALOGING SOURCE | |
| Original cataloging agency | DLC |
| Transcribing agency | DLC |
| Modifying agency | DLC |
| 041 1# - LANGUAGE CODE | |
| Language code of text/sound track or separate title | engger |
| 050 00 - LIBRARY OF CONGRESS CALL NUMBER | |
| Classification number | BF173.F85 |
| Item number | A4 1985 |
| 082 00 - DEWEY DECIMAL CLASSIFICATION NUMBER | |
| Classification number | 150.19/52 |
| Edition number | 19 |
| 300 ## - PHYSICAL DESCRIPTION | |
| Other physical details | ill., ports. ; |
| Dimensions | 24 cm. |
| 100 1# - MAIN ENTRY--PERSONAL NAME | |
| Personal name | Freud, Sigmund, |
| Dates associated with a name | 1856-1939. |
| 9 (RLIN) | 28068 |
| 240 10 - UNIFORM TITLE | |
| Uniform title | <a href="Correspondence.">Correspondence.</a> |
| Form subheading | Selections. |
| Language of a work | English |
| 245 14 - TITLE STATEMENT | |
| Title | The complete letters of Sigmund Freud to Wilhelm Fliess, 1887-1904 / |
| Statement of responsibility, etc | translated and edited by Jeffrey Moussaieff Masson. |
| 260 ## - PUBLICATION, DISTRIBUTION, ETC. (IMPRINT) | |
| Place of publication, distribution, etc | Cambridge, Mass. : |
| Name of publisher, distributor, etc | Belknap Press of Harvard University Press, |
| Date of publication, distribution, etc | 1985. |
| 300 ## - PHYSICAL DESCRIPTION | |
| Extent | xv, 505 p., [20] p. of plates : |
| 500 ## - GENERAL NOTE | |
| General note | Includes index. |
| 504 ## - BIBLIOGRAPHY, ETC. NOTE | |
| Bibliography, etc | Bibliography: p. [483]-492. |
| 600 10 - SUBJECT ADDED ENTRY--PERSONAL NAME | |
| Personal name | Freud, Sigmund, |
| Dates associated with a name | 1856-1939 |
| General subdivision | Correspondence. |
| 9 (RLIN) | 28069 |
| 600 10 - SUBJECT ADDED ENTRY--PERSONAL NAME | |
| Personal name | Fliess, Wilhelm, |
| Dates associated with a name | 1858-1928 |
| General subdivision | Correspondence. |
| 9 (RLIN) | 28070 |
| 650 #0 - SUBJECT ADDED ENTRY--TOPICAL TERM | |
| Topical term or geographic name as entry element | Psychoanalysts |
| General subdivision | Correspondence. |
| 9 (RLIN) | 28071 |
| 650 #0 - SUBJECT ADDED ENTRY--TOPICAL TERM | |
| Topical term or geographic name as entry element | Psychoanalysis. |
| 9 (RLIN) | 28072 |
| 700 1# - ADDED ENTRY--PERSONAL NAME | |
| Personal name | Masson, J. Moussaieff |
| Fuller form of name | (Jeffrey Moussaieff), |
| Dates associated with a name | 1941- |
| 9 (RLIN) | 28073 |
| 700 1# - ADDED ENTRY--PERSONAL NAME | |
| Personal name | Fliess, Wilhelm, |
| Dates associated with a name | 1858-1928. |
| 9 (RLIN) | 28074 |
| 906 ## - LOCAL DATA ELEMENT F, LDF (RLIN) | |
| a | 7 |
| b | cbc |
| c | orignew |
| d | 1 |
| e | ocip |
| f | 19 |
| g | y-gencatlg |
| 942 ## - ADDED ENTRY ELEMENTS (KOHA) | |
| Source of classification or shelving scheme | Library of Congress Classification |
| Koha item type | Monograph ( Printed materials) |
| Withdrawn status | Lost status | Source of classification or shelving scheme | Damaged status | Not for loan | Home library | Current library | Date acquired | Total Checkouts | Full call number | Barcode | Date last seen | Price effective from | Koha item type |
|---|---|---|---|---|---|---|---|---|---|---|---|---|---|
| Library of Congress Classification | ARRUPE LIBRARY | ARRUPE LIBRARY | 15/12/2016 | BF173.F85 A4 1985 | 46004004761 | 15/12/2016 | 15/12/2016 | Monograph ( Printed materials) |